[Event "Treviso Lega op-B 2nd"]
[Site "Treviso"]
[Date "2018.04.09"]
[Round "3"]
[White "Bertapelle, Andrea"]
[Black "Contin, Edoardo"]
[Result "0-1"]
[WhiteElo "1713"]
[BlackElo "1546"]
[PlyCount "74"]
[EventDate "2018.03.02"]
[EventType "swiss"]
[EventRounds "5"]
[EventCountry "ITA"]
[SourceTitle "EXT 2022"]
[Source "ChessBase"]
[SourceDate "2021.10.06"]
[SourceVersion "1"]
[SourceVersionDate "2021.10.06"]
[SourceQuality "1"]

1. c4 Nf6 2. g3 g6 3. Bg2 Bg7 4. Nc3 d6 5. h3 e5 6. d3 c6 7. e4 0-0 8. Nge2 Ne8 9. 0-0 f5 10. Kh2 a5 11. Be3 Nc7 12. Na4 Ne6 13. Nb6 Ra6 14. Nxc8 Qxc8 15. Qd2 f4 16. gxf4 exf4 17. Nxf4 Be5 18. d4 Bxf4+ 19. Bxf4 Nxf4 20. d5 c5 21. Rg1 Nd7 22. Bf1 Ne5 23. Qe3 Qd8 24. Rg3 Qh4 25. Be2 Nxe2 26. Qxe2 Raa8 27. Rf1 Qf4 28. Kg2 Rf7 29. a4 Raf8 30. Rc3 Nf3 31. Rh1 Qg5+ 32. Kf1 Rf4 33. Re3 Qf6 34. e5 Nxe5 35. Rh2 Nf3 36. Rg2 Qf5 37. Qd3 Qxh3 0-1